| 000 | 01232nam a2200373 i 4500 | ||
|---|---|---|---|
| 001 | 14424 | ||
| 003 | KOSZ 005 | ||
| 005 | 20200423142210.0 | ||
| 008 | 070608s1972 pl a f 000 0 pol | ||
| 015 | _aPB 1972/5502 | ||
| 035 | _a(OCoLC)839125695 | ||
| 040 |
_aWA N _cWA N _dKOSZ 005/EC _dKOSZ 005/RW |
||
| 046 | _k1972 | ||
| 080 | _a69 | ||
| 080 | _a658.2 | ||
| 080 | _a621.3 | ||
| 100 | 1 |
_aLichnowski, Józef. _eAutor |
|
| 245 | 1 | 0 |
_aUrządzenia elektryczne na placu budowy / _cJózef Lichnowski. |
| 260 |
_aWarszawa : _b"Arkady", _c1972. |
||
| 300 |
_a382, [1] strony : _bilustracje, errata ; _c23 cm. |
||
| 336 |
_aTekst _btxt _2rdacontent |
||
| 337 |
_aBez urządzenia pośredniczącego _bn _2rdamedia |
||
| 338 |
_aWolumin _bnc _2rdacarrier |
||
| 380 | _aKsiążki. | ||
| 388 | _a1901-2000 | ||
| 500 | _a1972 Międzynarodowy Rok Książki. | ||
| 504 | _aBibliografia na stronach 380-[383]. | ||
| 658 | _aInżynieria i technika | ||
| 650 | 4 | _aUrządzenia elektryczne | |
| 650 | 4 | _aInstalacje elektryczne | |
| 710 | 2 |
_aWydawnictwo Arkady _4pbl. |
|
| 856 |
_uhttp://koha.tu.koszalin.pl/cgi-bin/koha/opac-detail.pl?biblionumber=14424 _yKatalog online BPK |
||
| 942 |
_2UKD _cKS |
||
| 999 |
_c14424 _d14424 |
||